000
00482nam a2200181Ia 4500
008
090124s9999 xx 000 0 und d
082
_b
31106
100
_a
पठाण यू. म.
245
_a
जितराब
250
_a
1
260
_b
अनुपम प्रकाशन
_c
1992
300
_a
78
600
_a
पठाण यू. म.
630
_a
जितराब
700
_a
पठाण यू. म.
730
_a
जितराब
942
_c
BOOK
999
_c
97162
_d
97162